000 00720nam a2200265Ia 4500
003 OSt
005 20221006144634.0
006 a|||||r|||| 00| 0
007 ta
008 221006b |||||||| |||| 00| 0 chi d
020 _a9787801263186
_cYu 18.00
024 _a12,208
037 _bGift, PRC
_cTextual
040 _aEASL
_cEASL
_bchi
041 _2chi
_achi
082 _aP41,3k, P0
100 _aTUAN Chong Ed.
_9652492
245 0 _aFanyici yingyong cidian
260 _aBeijing
_bBeijing Language and Culture Press China
_c2000
300 _a400p.
_ccm.
490 _v CL
650 _aCL
_9642733
942 _hP41,3k, P0
_cTEXL
_2CC
999 _c1080294
_d1080294